Medical-surgical nursing : (Record no. 355993)
[ view plain ]
| 000 -LEADER | |
|---|---|
| fixed length control field | 00370nam a2200121Ia 4500 |
| 008 - FIXED-LENGTH DATA ELEMENTS--GENERAL INFORMATION | |
| fixed length control field | 180219s9999 xx 000 0 und d |
| 020 ## - INTERNATIONAL STANDARD BOOK NUMBER | |
| International Standard Book Number | 9715131670 |
| 100 ## - MAIN ENTRY--PERSONAL NAME | |
| Personal name | Quiambao-Udan, Josie |
| 245 ## - TITLE STATEMENT | |
| Title | Medical-surgical nursing : |
| Remainder of title | concepts and clinical application |
| 250 ## - EDITION STATEMENT | |
| Edition statement | 1st ed |
| 260 ## - PUBLICATION, DISTRIBUTION, ETC. (IMPRINT) | |
| Place of publication, distribution, etc | Ermita City : |
| Name of publisher, distributor, etc | Educational publishing house |
| Date of publication, distribution, etc | 2002 |
| 300 ## - PHYSICAL DESCRIPTION | |
| Extent | i, 556 pages |
| Withdrawn status | Lost status | Damaged status | Home library | Current library | Shelving location | Date acquired | Source of acquisition | Total Checkouts | Full call number | Barcode | Date last seen | Price effective from | Koha item type |
|---|---|---|---|---|---|---|---|---|---|---|---|---|---|
| College Library | College Library | Filipiniana Section | 02/19/2018 | RT 41 .Q6 2002 | c21266 | 05/08/2018 | 02/19/2018 | Books |